Kirjaimella B alkavia sanoja #1 - Statistics

Yleistilastot
  • Tätä visaa on pelattu 1 136 kertaa
  • Keskiarvotulos 13 / 20
Vastaustilastot
Määritelmä Sana % Oikein
Elollista luontoa tutkiva tiede Biologia
94%
Aamiaisen ja lounaan välimuoto Brunssi
93%
Yksi nimitys kahvilatyöntekijälle Barista
87%
Kreikkalaisten aakkosten toinen kirjain Beeta
84%
Naispuolinen balettitanssija Ballerina
83%
1600-luvun mahtipontinen ja yksityiskohtainen taidesuuntaus Barokki
75%
Ukrainasta lähtöisin oleva punajuurikeitto Borssi
72%
Joidenkin musliminaisten käyttämä koko vartalon kasvot mukaan lukien peittävä vaate Burka
67%
Lähi-idän kauppapaikka Basaari
65%
Puurivien reunustama puistokatu Bulevardi
65%
Lauluääni basson ja tenorin välissä Baritoni
63%
Esimerkiksi tiettyyn yritykseen tai maahan liittyvä kieltäytymiseen perustuva mielenilmaisu Boikotti
63%
Venäjältä lähtöisin oleva kolmiomainen kielisoitin Balalaikka
54%
Arvoja 0 ja 1 saava tietokoneen käsittelemä tietoyksikkö Bitti
51%
Leveä iskulauseen tai mainoksen sisältävä kangasliina Banderolli
50%
Epäsäännöllistä elämää viettävä taitelija, etenkin 1800-luvun Ranskassa Boheemi
42%
Raakaöljyn tilavuuden yksikkö Barreli
41%
Henkilön erityisosaamisalue tai -taito Bravuuri
41%
Organisaatioiden tai yksilöiden toimintaa määrittelevä rakenteen ja säännösten joukko Byrokratia
40%
Suorakulmion muotoinen varhaiskristillinen kirkkotyyppi Basilika
19%
Ehtoja vastaavia visoja ei löytynyt
Tulosjakauma
Jokaisen tuloksen saaneiden osuus
Persentiili vastausten määrän mukaan
Tuloshistoriasi
Et ole pelannut tätä visaa